|
|
|
|
| LEADER |
01749cas a2200241 a 4500 |
| 001 |
AALejournalIMF009365 |
| 008 |
230101c9999 xx r poo 0 0eng d |
| 020 |
|
|
|c 5.00 USD
|
| 020 |
|
|
|z 9781451807387
|
| 022 |
|
|
|a 1934-7685
|
| 040 |
|
|
|a BD-DhAAL
|c BD-DhAAL
|
| 110 |
2 |
|
|a International Monetary Fund.
|
| 245 |
1 |
0 |
|a Switzerland :
|b Financial Sector Assessment Program; Factual Update; Insurance Sector Market and Regulatory Developments.
|
| 264 |
|
1 |
|a Washington, D.C. :
|b International Monetary Fund,
|c 2007.
|
| 300 |
|
|
|a 1 online resource (20 pages)
|
| 490 |
1 |
|
|a IMF Staff Country Reports
|
| 500 |
|
|
|a <strong>Off-Campus Access:</strong> No User ID or Password Required
|
| 500 |
|
|
|a <strong>On-Campus Access:</strong> No User ID or Password Required
|
| 506 |
|
|
|a Electronic access restricted to authorized BRAC University faculty, staff and students
|
| 520 |
3 |
|
|a This paper presents a factual update of the Insurance Core Principles including insurance sector market and regulatory developments for Switzerland. Regulatory reforms since 2003 have updated Switzerland's regulatory and supervisory regime for the insurance industry to bring it in line with international best practices. The Insurance Supervision Law (ISL) has reoriented the regulatory focus and expanded the regulatory scope to include group/conglomerate supervision, corporate governance, risk management, and market conduct of insurance intermediaries. The ISL also provides for a range of corrective and preventive regulatory measures.
|
| 538 |
|
|
|a Mode of access: Internet
|
| 830 |
|
0 |
|a IMF Staff Country Reports; Country Report ;
|v No. 2007/203
|
| 856 |
4 |
0 |
|z Full text available on IMF
|u http://elibrary.imf.org/view/journals/002/2007/203/002.2007.issue-203-en.xml
|z IMF e-Library
|